[Event "Taastrup Quick Weekend 12th M1"]
[Site "Taastrup"]
[Date "2010.10.01"]
[Round "1"]
[White "Nielsen, Max"]
[Black "Andersen, Rune"]
[Result "1/2-1/2"]
[WhiteElo "2183"]
[BlackElo "2115"]
[PlyCount "73"]
[EventDate "2010.10.01"]
[EventType "tourn"]
[EventRounds "5"]
[EventCountry "DEN"]
[SourceTitle "EXT 2023"]
[Source "ChessBase"]
[SourceDate "2022.10.05"]
[SourceVersion "1"]
[SourceVersionDate "2022.10.05"]
[SourceQuality "1"]

1. e4 c5 2. Nf3 Nc6 3. Nc3 e5 4. Bc4 Be7 5. d3 Nf6 6. 0-0 0-0 7. a3 d6 8. h3 Ne8 9. Ne2 Be6 10. Ng3 Bxc4 11. dxc4 g6 12. Nh2 f5 13. exf5 gxf5 14. Bh6 Ng7 15. f4 exf4 16. Qd5+ Rf7 17. Bxf4 Qd7 18. Rad1 Rd8 19. Bh6 Ne5 20. Nf3 Bf6 21. Bxg7 Kxg7 22. Nh5+ Kh8 23. Nxf6 Nxf3+ 24. Rxf3 Rxf6 25. Rdf1 Rdf8 26. g4 f4 27. Qd2 Qf7 28. b3 h6 29. Kh2 Qg6 30. Rxf4 Rxf4 31. Rxf4 Rxf4 32. Qxf4 Qxc2+ 33. Kg3 Qxb3+ 34. Kh4 Kg7 35. Qxd6 Qxc4 36. Qe7+ Kg6 37. Qd6+ 1/2-1/2

[Event "Taastrup Quick Weekend 11th M1"]
[Site "Taastrup"]
[Date "2010.04.18"]
[Round "5"]
[White "Eriksson, Christian Altenburg"]
[Black "Nielsen, Max"]
[Result "1/2-1/2"]
[WhiteElo "2110"]
[BlackElo "2178"]
[PlyCount "78"]
[EventDate "2010.04.16"]
[EventType "tourn"]
[EventRounds "5"]
[EventCountry "DEN"]
[SourceTitle "EXT 2023"]
[Source "ChessBase"]
[SourceDate "2022.10.05"]
[SourceVersion "1"]
[SourceVersionDate "2022.10.05"]
[SourceQuality "1"]

1. e4 c5 2. c3 Nf6 3. e5 Nd5 4. d4 cxd4 5. Nf3 e6 6. cxd4 d6 7. Bc4 Nc6 8. Qe2 Be7 9. 0-0 0-0 10. Bd2 Nb6 11. Bd3 dxe5 12. dxe5 Nd4 13. Nxd4 Qxd4 14. Bc3 Qc5 15. Nd2 Nd5 16. Ne4 Nxc3 17. Nxc3 Rd8 18. Rac1 Bd7 19. Be4 Qb6 20. Qh5 h6 21. Qf3 Rab8 22. Qe2 Bg5 23. Rcd1 Be8 24. g3 Rxd1 25. Rxd1 Rd8 26. h4 Rxd1+ 27. Nxd1 Be7 28. Bb1 Qd4 29. Be4 b5 30. Bf3 Bd8 31. Qe4 Qxe4 32. Bxe4 Bb6 33. Kg2 Bd4 34. f4 f6 35. exf6 gxf6 36. g4 b4 37. b3 Bb5 38. Kf3 Kg7 39. Ne3 a5 1/2-1/2

[Event "Taastrup Quick Weekend 6th M1"]
[Site "Taastrup"]
[Date "2007.10.28"]
[Round "5"]
[White "Nielsen, Max"]
[Black "Andersen, Rune"]
[Result "1-0"]
[WhiteElo "2211"]
[BlackElo "2065"]
[PlyCount "69"]
[EventDate "2007.10.26"]
[EventType "tourn"]
[EventRounds "5"]
[EventCountry "DEN"]
[SourceTitle "EXT 2023"]
[Source "ChessBase"]
[SourceDate "2022.10.05"]
[SourceVersion "1"]
[SourceVersionDate "2022.10.05"]
[SourceQuality "1"]

1. e4 c5 2. Nf3 Nc6 3. d4 cxd4 4. Nxd4 Nf6 5. Nc3 e5 6. Ndb5 d6 7. Bg5 a6 8. Na3 b5 9. Nd5 Be7 10. Bxf6 Bxf6 11. c4 Nd4 12. cxb5 Bb7 13. Nc3 Qb6 14. Bd3 axb5 15. Naxb5 0-0 16. 0-0 d5 17. exd5 e4 18. Nxe4 Nxb5 19. Nxf6+ Qxf6 20. Bxb5 Qxb2 21. Bc4 Qe5 22. Re1 Qg5 23. Qc1 Qg4 24. Bb3 Rad8 25. Qd2 Rd6 26. Re3 Qd7 27. Rd1 h6 28. Rg3 Kh8 29. Qd4 f5 30. f4 Rd8 31. Qe5 Re8 32. Rxg7 Qxg7 33. Qxe8+ Kh7 34. Qe5 Rf6 35. Rc1 1-0

[Event "Taastrup Quick Weekend 6th M1"]
[Site "Taastrup"]
[Date "2007.10.27"]
[Round "3"]
[White "Nielsen, Max"]
[Black "Kaaber Hansen, Jacob"]
[Result "1/2-1/2"]
[WhiteElo "2211"]
[BlackElo "2130"]
[PlyCount "55"]
[EventDate "2007.10.26"]
[EventType "tourn"]
[EventRounds "5"]
[EventCountry "DEN"]
[SourceTitle "EXT 2023"]
[Source "ChessBase"]
[SourceDate "2022.10.05"]
[SourceVersion "1"]
[SourceVersionDate "2022.10.05"]
[SourceQuality "1"]

1. e4 c5 2. Nf3 d6 3. d4 cxd4 4. Nxd4 Nf6 5. Nc3 a6 6. Bg5 e6 7. f4 Nbd7 8. Qf3 Qc7 9. 0-0-0 b5 10. Bd3 Bb7 11. Rhe1 Qb6 12. Nd5 Qxd4 13. Bxf6 gxf6 14. Bxb5 Qc5 15. Nxf6+ Kd8 16. Nxd7 Qxb5 17. Nxf8 Rxf8 18. Qa3 Ke8 19. Qxd6 Qc6 20. Qa3 Rc8 21. Rd2 f6 22. Re3 Rf7 23. Rc3 Qxe4 24. Qd6 Bc6 25. Rd4 Qe1+ 26. Rd1 Qe4 27. Rd4 Qe1+ 28. Rd1 1/2-1/2

[Event "Lovfalds EMT 20th A"]
[Site "Ringsted"]
[Date "2006.09.17"]
[Round "5"]
[White "Carstensen, Jacob"]
[Black "Nielsen, Max"]
[Result "1-0"]
[WhiteElo "2285"]
[BlackElo "2217"]
[PlyCount "51"]
[EventDate "2006.09.15"]
[EventType "tourn"]
[EventRounds "5"]
[EventCountry "DEN"]
[SourceTitle "EXT 2023"]
[Source "ChessBase"]
[SourceDate "2022.10.05"]
[SourceVersion "1"]
[SourceVersionDate "2022.10.05"]
[SourceQuality "1"]

1. d4 Nf6 2. Bg5 e6 3. Nf3 h6 4. Bh4 c5 5. e3 b6 6. Nbd2 Bb7 7. Bd3 Be7 8. c3 cxd4 9. exd4 d6 10. 0-0 g5 11. Bg3 h5 12. Nxg5 h4 13. Bf4 Nd5 14. Nh3 Nd7 15. Re1 Qc7 16. a4 Rg8 17. f3 N7f6 18. Bb5+ Nd7 19. a5 bxa5 20. Nc4 a6 21. Bxd7+ Kxd7 22. Nxa5 Bf6 23. Qa4+ Ke7 24. Qb3 Rab8 25. Nxb7 Rxb7 26. Qxd5 1-0

[Event "Lovfalds EMT 20th A"]
[Site "Ringsted"]
[Date "2006.09.16"]
[Round "4"]
[White "Nielsen, Max"]
[Black "Bromann, Thorbjorn"]
[Result "1/2-1/2"]
[WhiteElo "2217"]
[BlackElo "2378"]
[PlyCount "31"]
[EventDate "2006.09.15"]
[EventType "tourn"]
[EventRounds "5"]
[EventCountry "DEN"]
[SourceTitle "EXT 2023"]
[Source "ChessBase"]
[SourceDate "2022.10.05"]
[SourceVersion "1"]
[SourceVersionDate "2022.10.05"]
[SourceQuality "1"]

1. e4 g6 2. d4 Bg7 3. Nc3 d6 4. f4 a6 5. Nf3 b5 6. Bd3 Nd7 7. e5 c5 8. exd6 exd6 9. 0-0 Ne7 10. a4 b4 11. Ne4 Qc7 12. dxc5 dxc5 13. Bc4 0-0 14. Qd6 Qxd6 15. Nxd6 Nb6 16. Bb3 1/2-1/2

[Event "Politiken Cup 28th"]
[Site "Copenhagen"]
[Date "2006.07.26"]
[Round "5"]
[White "Nielsen, Max"]
[Black "Friesen, Boris"]
[Result "1/2-1/2"]
[WhiteElo "2267"]
[BlackElo "2146"]
[PlyCount "32"]
[EventDate "2006.07.22"]
[EventType "swiss"]
[EventRounds "9"]
[EventCountry "DEN"]
[SourceTitle "CBM 113 Extra"]
[Source "ChessBase"]
[SourceDate "2006.09.14"]
[SourceVersion "1"]
[SourceVersionDate "2006.09.14"]
[SourceQuality "1"]

1. e4 e6 2. d4 d5 3. Nc3 Nf6 4. Bg5 dxe4 5. Nxe4 Be7 6. Bxf6 Bxf6 7. Nf3 Bd7 8. Bd3 Bc6 9. c3 Bxe4 10. Bxe4 c6 11. Qc2 g6 12. 0-0-0 Nd7 13. Rhe1 0-0 14. g3 Qa5 15. Kb1 Bg7 16. h4 Nf6 1/2-1/2

[Event "Lovfalds EMT 19th A"]
[Site "Ringsted"]
[Date "2005.09.17"]
[Round "3"]
[White "Nielsen, Max"]
[Black "Bromann, Thorbjorn"]
[Result "1/2-1/2"]
[WhiteElo "2220"]
[BlackElo "2349"]
[PlyCount "30"]
[EventDate "2005.09.16"]
[EventType "tourn"]
[EventRounds "5"]
[EventCountry "DEN"]
[SourceTitle "EXT 2023"]
[Source "ChessBase"]
[SourceDate "2022.10.05"]
[SourceVersion "1"]
[SourceVersionDate "2022.10.05"]
[SourceQuality "1"]

1. e4 e6 2. d4 d5 3. Nc3 Nf6 4. Bg5 Bb4 5. e5 h6 6. Bd2 Bxc3 7. bxc3 Ne4 8. Qg4 g6 9. Bd3 Nxd2 10. Kxd2 c5 11. Nf3 Bd7 12. h4 Qe7 13. Qf4 Bc6 14. Rhe1 Nd7 15. dxc5 0-0-0 1/2-1/2

[Event "Politiken Cup 27th"]
[Site "Copenhagen"]
[Date "2005.07.20"]
[Round "6"]
[White "Nielsen, Max"]
[Black "Bjornsson, Sverrir Orn"]
[Result "1/2-1/2"]
[WhiteElo "2244"]
[BlackElo "2054"]
[PlyCount "74"]
[EventDate "2005.07.16"]
[EventType "swiss"]
[EventRounds "10"]
[EventCountry "DEN"]
[SourceTitle "CBM 107 Extra"]
[Source "ChessBase"]
[SourceDate "2005.09.01"]
[SourceVersion "1"]
[SourceVersionDate "2005.09.01"]
[SourceQuality "1"]

1. e4 c5 2. Nf3 e6 3. d4 cxd4 4. Nxd4 Nc6 5. Nc3 a6 6. Nxc6 bxc6 7. Bd3 d5 8. 0-0 Nf6 9. Re1 Be7 10. e5 Nd7 11. Na4 0-0 12. c4 f5 13. Qc2 Bb7 14. c5 a5 15. f4 Ba6 16. Bxa6 Rxa6 17. Be3 Rf7 18. Rad1 g5 19. g3 Rg7 20. Kh1 Qe8 21. b3 Ra7 22. Qe2 Qf8 23. Rc1 Rg6 24. Qf2 gxf4 25. gxf4 Kf7 26. Rg1 Ra8 27. Nb2 Qh6 28. Nd3 Bh4 29. Qf3 Rag8 30. Rxg6 hxg6 31. Rg1 Be7 32. Rg2 Rh8 33. Kg1 Qh3 34. Qxh3 Rxh3 35. Rg3 Rh8 36. Rf3 Rh5 37. Rg3 Rh8 1/2-1/2

[Event "Nordea Cup"]
[Site "Dianalund"]
[Date "2005.02.20"]
[Round "9"]
[White "Nielsen, Max"]
[Black "Naes, Flovin Tor"]
[Result "1/2-1/2"]
[WhiteElo "2270"]
[BlackElo "2302"]
[PlyCount "29"]
[EventDate "2005.02.12"]
[EventType "tourn"]
[EventRounds "9"]
[EventCountry "DEN"]
[EventCategory "4"]
[SourceTitle "CBM 104 Extra"]
[Source "ChessBase"]
[SourceDate "2005.03.01"]
[SourceVersion "1"]
[SourceVersionDate "2005.03.01"]
[SourceQuality "1"]

1. e4 e5 2. Nf3 Nc6 3. Bb5 Nf6 4. d3 d6 5. 0-0 a6 6. Bxc6+ bxc6 7. Re1 c5 8. Nbd2 g6 9. Nc4 Bg7 10. Bd2 0-0 11. a3 Be6 12. Ne3 Nd7 13. Nd5 c6 14. Nc3 h6 15. h3 1/2-1/2

[Event "Nordea Cup"]
[Site "Dianalund"]
[Date "2005.02.19"]
[Round "8"]
[White "Christensen, Svend Ellegaard"]
[Black "Nielsen, Max"]
[Result "1/2-1/2"]
[WhiteElo "2193"]
[BlackElo "2270"]
[PlyCount "36"]
[EventDate "2005.02.12"]
[EventType "tourn"]
[EventRounds "9"]
[EventCountry "DEN"]
[EventCategory "4"]
[SourceTitle "CBM 104 Extra"]
[Source "ChessBase"]
[SourceDate "2005.03.01"]
[SourceVersion "1"]
[SourceVersionDate "2005.03.01"]
[SourceQuality "1"]

1. d4 f5 2. Nf3 d6 3. g3 Nf6 4. Bg2 g6 5. 0-0 Bg7 6. b4 0-0 7. Bb2 Nc6 8. b5 Na5 9. Nbd2 Bd7 10. c4 c6 11. a4 Rc8 12. Re1 Kh8 13. Rc1 cxb5 14. axb5 d5 15. Ne5 dxc4 16. Nxd7 Qxd7 17. Qa4 Nb3 18. Nxb3 cxb3 1/2-1/2

[Event "Nordea Cup"]
[Site "Dianalund"]
[Date "2005.02.14"]
[Round "3"]
[White "Rausis, Igors"]
[Black "Nielsen, Max"]
[Result "1-0"]
[WhiteElo "2500"]
[BlackElo "2270"]
[PlyCount "75"]
[EventDate "2005.02.12"]
[EventType "tourn"]
[EventRounds "9"]
[EventCountry "DEN"]
[EventCategory "4"]
[SourceTitle "CBM 104 Extra"]
[Source "ChessBase"]
[SourceDate "2005.03.01"]
[SourceVersion "1"]
[SourceVersionDate "2005.03.01"]
[SourceQuality "1"]

1. c4 e5 2. g3 Nf6 3. Bg2 d5 4. cxd5 Nxd5 5. Nf3 Nc6 6. Nc3 Nb6 7. Rb1 Be7 8. b4 a6 9. a3 0-0 10. 0-0 Be6 11. d3 f5 12. Na4 Nxa4 13. Qxa4 Bd5 14. Bb2 Bf6 15. Qc2 Kh8 16. Rbc1 Rc8 17. Rfd1 Qe8 18. Qc5 Rd8 19. e4 Bb3 20. Rd2 Be6 21. Nxe5 Nxe5 22. Bxe5 Bxe5 23. Qxe5 c6 24. Re1 fxe4 25. Rxe4 Bd5 26. Qxe8 Rfxe8 27. Rxe8+ Rxe8 28. Bxd5 cxd5 29. Rc2 h6 30. Kf1 Re7 31. Rc8+ Kh7 32. Rd8 Rc7 33. Rxd5 Rc3 34. a4 Ra3 35. a5 Rb3 36. Rd4 Rb2 37. h4 Kg6 38. Rd6+ 1-0

[Event "Nordea Cup"]
[Site "Dianalund"]
[Date "2005.02.13"]
[Round "2"]
[White "Nielsen, Max"]
[Black "Olsen, Heini"]
[Result "1-0"]
[WhiteElo "2270"]
[BlackElo "2345"]
[PlyCount "117"]
[EventDate "2005.02.12"]
[EventType "tourn"]
[EventRounds "9"]
[EventCountry "DEN"]
[EventCategory "4"]
[SourceTitle "CBM 104 Extra"]
[Source "ChessBase"]
[SourceDate "2005.03.01"]
[SourceVersion "1"]
[SourceVersionDate "2005.03.01"]
[SourceQuality "1"]

1. e4 e5 2. Nf3 Nc6 3. Bb5 a6 4. Ba4 Nf6 5. 0-0 Be7 6. Re1 b5 7. Bb3 d6 8. c3 0-0 9. h3 Re8 10. d4 Bb7 11. Nbd2 Bf8 12. d5 Nb8 13. Nf1 Nbd7 14. N3h2 Nc5 15. Bc2 c6 16. b4 Ncd7 17. dxc6 Bxc6 18. Bg5 h6 19. Bxf6 Nxf6 20. Ng4 Nxg4 21. Qxg4 Qc8 22. Qf3 Re6 23. Bb3 Rf6 24. Qd3 Qb7 25. f3 Qb6+ 26. Ne3 d5 27. exd5 Bd7 28. Kh1 Bd6 29. a4 Rc8 30. axb5 axb5 31. Bc2 g6 32. Qd2 h5 33. Bd3 Rf4 34. Nf1 Qd8 35. Ra7 Bb8 36. Rb7 Rc7 37. Rxc7 Qxc7 38. Be4 Qd6 39. Qe3 Qa6 40. Qe2 Ba7 41. Nd2 Qc8 42. c4 bxc4 43. Qxc4 Qd8 44. Nf1 Qh4 45. Qe2 Bb5 46. Qd2 Bd4 47. Kh2 Qd8 48. Rc1 Kg7 49. Ne3 Rf6 50. Nc2 Ba7 51. Qc3 Qb6 52. Na3 Ba6 53. b5 Bb7 54. Rb1 Qd4 55. Qxd4 Bxd4 56. Nc4 Bb6 57. d6 Bxe4 58. fxe4 Ba7 59. d7 1-0

[Event "Lovfalds EMT 18th A"]
[Site "Ringsted"]
[Date "2004.09.17"]
[Round "1"]
[White "Nielsen, Max"]
[Black "Haubro, Sigfred"]
[Result "1/2-1/2"]
[WhiteElo "2230"]
[BlackElo "2169"]
[PlyCount "43"]
[EventDate "2004.09.17"]
[EventType "tourn"]
[EventRounds "6"]
[EventCountry "DEN"]
[SourceTitle "EXT 2023"]
[Source "ChessBase"]
[SourceDate "2022.10.05"]
[SourceVersion "1"]
[SourceVersionDate "2022.10.05"]
[SourceQuality "1"]

1. e4 b6 2. d4 Bb7 3. Bd3 e6 4. Nf3 c5 5. c3 Ne7 6. 0-0 Ng6 7. Re1 Be7 8. Nbd2 0-0 9. Nf1 d6 10. Ng3 Nd7 11. a3 Rc8 12. Qe2 Bf6 13. Nh5 Be7 14. Bd2 e5 15. d5 Nf6 16. Ng3 Rb8 17. h3 Bc8 18. Nh2 Ne8 19. Qh5 b5 20. Nf5 c4 21. Bc2 a5 22. Nf1 1/2-1/2

[Event "Politiken Cup 26th"]
[Site "Copenhagen"]
[Date "2004.07.31"]
[Round "9"]
[White "Nielsen, Max"]
[Black "Forsaa, Espen"]
[Result "1-0"]
[WhiteElo "2259"]
[BlackElo "2027"]
[PlyCount "39"]
[EventDate "2004.07.24"]
[EventType "swiss"]
[EventRounds "10"]
[EventCountry "DEN"]
[SourceTitle "CBM 101 Extra"]
[Source "ChessBase"]
[SourceDate "2004.09.01"]
[SourceVersion "2"]
[SourceVersionDate "2004.09.01"]
[SourceQuality "1"]

1. e4 c5 2. Nf3 d6 3. d4 cxd4 4. Nxd4 Nf6 5. Nc3 g6 6. Be3 Bg7 7. f3 0-0 8. Qd2 Nc6 9. Bc4 Bd7 10. 0-0-0 Rc8 11. Bb3 Ne5 12. h4 Nc4 13. Bxc4 Rxc4 14. h5 Nxh5 15. g4 Nf6 16. Nb3 a5 17. Bh6 a4 18. Bxg7 Kxg7 19. Qh6+ Kh8 20. Nd5 1-0

[Event "Politiken Cup 26th"]
[Site "Copenhagen"]
[Date "2004.07.30"]
[Round "8"]
[White "Holst, Conny"]
[Black "Nielsen, Max"]
[Result "1/2-1/2"]
[WhiteElo "2141"]
[BlackElo "2259"]
[PlyCount "70"]
[EventDate "2004.07.24"]
[EventType "swiss"]
[EventRounds "10"]
[EventCountry "DEN"]
[SourceTitle "CBM 101 Extra"]
[Source "ChessBase"]
[SourceDate "2004.09.01"]
[SourceVersion "2"]
[SourceVersionDate "2004.09.01"]
[SourceQuality "1"]

1. d4 Nf6 2. c4 c5 3. d5 b5 4. a4 b4 5. Nd2 e5 6. e4 d6 7. g3 g6 8. h4 Bg7 9. Bh3 Bxh3 10. Nxh3 a5 11. Qe2 Nbd7 12. Nf1 h6 13. b3 Qe7 14. Bb2 0-0-0 15. 0-0-0 Rdf8 16. f4 exf4 17. gxf4 Ne8 18. Bxg7 Nxg7 19. Qf3 Re8 20. Ng3 f5 21. e5 dxe5 22. d6 e4 23. dxe7 exf3 24. Rhe1 Kc7 25. Rd3 Rh7 26. Rxf3 Nh5 27. Nxh5 gxh5 28. Rfe3 Nf6 29. Re5 Ne4 30. Rxf5 Rhxe7 31. Rxh5 Re6 32. Re5 Rxe5 33. fxe5 Rxe5 34. Nf4 Kd6 35. Rd1+ Kc6 1/2-1/2

[Event "Politiken Cup 26th"]
[Site "Copenhagen"]
[Date "2004.07.24"]
[Round "1"]
[White "Nielsen, Max"]
[Black "Moller, Frederik Oest"]
[Result "1-0"]
[WhiteElo "2259"]
[BlackElo "1832"]
[PlyCount "89"]
[EventDate "2004.07.24"]
[EventType "swiss"]
[EventRounds "10"]
[EventCountry "DEN"]
[SourceTitle "CBM 101 Extra"]
[Source "ChessBase"]
[SourceDate "2004.09.01"]
[SourceVersion "2"]
[SourceVersionDate "2004.09.01"]
[SourceQuality "1"]

1. e4 c5 2. Nf3 d6 3. d4 cxd4 4. Nxd4 Nf6 5. Nc3 g6 6. Be3 Bg7 7. f3 0-0 8. Qd2 Nc6 9. Bc4 Bd7 10. 0-0-0 Rc8 11. Bb3 Na5 12. h4 Nc4 13. Bxc4 Rxc4 14. h5 Re8 15. hxg6 fxg6 16. g4 Qa5 17. Nb3 Qa6 18. e5 Nxg4 19. fxg4 Bxg4 20. Rdg1 dxe5 21. Rh2 Rec8 22. Bh6 Bh8 23. Rf2 Bf6 24. Bg5 Qe6 25. Bxf6 exf6 26. Qd5 Kf7 27. Qxb7+ R8c7 28. Qh1 h5 29. Nd5 Bf5 30. Nxc7 Rxc7 31. Rd1 Kg7 32. Rfd2 a5 33. Qa8 Rc6 34. Qa7+ Kh6 35. Qe3+ g5 36. Kb1 h4 37. Nxa5 Ra6 38. Nb3 h3 39. a3 Rb6 40. Nc5 Qc4 41. b3 Rb5 42. b4 Kg6 43. Rf2 g4 44. Kb2 Rb8 45. Rdf1 1-0

[Event "DEN-ch MA7 Gr1"]
[Site "Koge"]
[Date "2004.04.12"]
[Round "7"]
[White "Nielsen, Max"]
[Black "Jensen, Jacob Bjerre"]
[Result "1/2-1/2"]
[WhiteElo "2238"]
[BlackElo "2217"]
[PlyCount "29"]
[EventDate "2004.04.06"]
[EventType "tourn"]
[EventRounds "7"]
[EventCountry "DEN"]
[SourceTitle "EXT 2018"]
[Source "ChessBase"]
[SourceDate "2017.10.13"]
[SourceVersion "1"]
[SourceVersionDate "2017.10.13"]
[SourceQuality "1"]

1. e4 e6 2. d4 d5 3. Nc3 Bb4 4. e5 c5 5. Qg4 Ne7 6. dxc5 Nbc6 7. Bd2 0-0 8. 0-0-0 b6 9. Bd3 Nf5 10. Nf3 Bxc3 11. Bxc3 bxc5 12. Qh3 g6 13. g4 Nfd4 14. Bxd4 Nxd4 15. Nxd4 1/2-1/2

[Event "DEN-ch MA7 Gr1"]
[Site "Koge"]
[Date "2004.04.10"]
[Round "5"]
[White "Nielsen, Max"]
[Black "Paaske, Asger"]
[Result "1/2-1/2"]
[WhiteElo "2238"]
[BlackElo "2160"]
[PlyCount "61"]
[EventDate "2004.04.06"]
[EventType "tourn"]
[EventRounds "7"]
[EventCountry "DEN"]
[SourceTitle "EXT 2018"]
[Source "ChessBase"]
[SourceDate "2017.10.13"]
[SourceVersion "1"]
[SourceVersionDate "2017.10.13"]
[SourceQuality "1"]

1. e4 c5 2. Nf3 Nc6 3. d4 cxd4 4. Nxd4 Nf6 5. Nc3 e5 6. Ndb5 d6 7. Bg5 a6 8. Na3 b5 9. Bxf6 gxf6 10. Nd5 Bg7 11. Bd3 Ne7 12. Nxe7 Qxe7 13. c3 f5 14. 0-0 0-0 15. Nc2 f4 16. Qh5 f5 17. exf5 Rf6 18. Rfe1 Bb7 19. Qh4 Bxg2 20. Kxg2 Rg6+ 21. fxg6 Qxh4 22. gxh7+ Kh8 23. f3 Rf8 24. Nb4 Rf6 25. Re2 Rh6 26. Kh1 Qh5 27. Be4 Rxh7 28. Rg2 Bf6 29. Bxh7 Kxh7 30. Rf1 Qf7 31. Rd2 1/2-1/2